00715nab a2200205 uc450000100070000000500170000700800410002403500110006503500210007604000130009704100080011010000390011824501040015765000180026165000120027965000360029170000360032770000350036377301110039865666420240201162507.0010404e20001201 spa  a656664 a(OCoLC)819904185 ccomduadb aspa10aMartinez Sanchez, Raydel4auteaut10aEvaluacion de la efectividad de una nueva vacuna contra la leptospirosis humana en grupos en riesgo aLeptospirosis aVacunas 7aMonitoreo epidemiológico2dcs10aPerez Sierra, Alberto4auteaut10aBaro Suarez, Morelia4auteaut0 tRevista Panamericana de Salud PúblicagVol. 08, No. 06, Dic. 2000, p. 385-392w334202x1020-49890113464